000 00772cam a22002531 4500
001 276547
005 20180127034007.0
008 730529m19561958nyub 000 0 eng
010 _a 56006868
040 _aDLC
_cDLC
_dDLC
041 _aeng
043 _ae-uk---
051 _cCopy 6. Rosenwald Coll.
080 _a942
082 0 0 _a942 CHU
100 1 _a16
101 _aHIS
245 1 2 _aA history of the English-speaking peoples.
510 4 _aLibrary of Congress. Lessing J. Rosenwald collection,
_c2300
906 _a7
_bcbc
_corignew
_du
_eocip
_f19
_gy-gencatlg
942 _2ddc
_cBK
987 _bRBSCDRECON
_c20171025
_dr
_fBIB FILE MAINT. (rsl says copy 1 in Rare; BIP reports it in Gen Coll; no copy 4; Rosenwald problem)
999 _c41070
_d41070